000 00284nam a2200121Ia 4500
008 241002s9999 xx 000 0 und d
082 _a821 STR
100 _aStrangs, Herbert
245 0 _aTreasures of Rnglish Verse
260 _aLondon:
_c1936
600 _aLiterature
942 _cUC
999 _c18701
_d18701